España invertebrada: bosquejo de algunos pensamientos históricos

Guardat en:
Dades bibliogràfiques
Format: Llibre
Idioma:espanyol
Publicat: Madrid Revista de Occidente 1946
Edició:5a. ed
Matèries:
Etiquetes: Afegir etiqueta
Sense etiquetes, Sigues el primer a etiquetar aquest registre!

MARC

LEADER 00000nam a2200000 a 4500
001 UCS6627
003 CL-VaPUC
005 20221119074311.0
008 970926e19460000SP |||||||||||||||||spa|d
999 |c 262272  |d 262270 
040 |c Pontificia Universidad Católica de Valparaíso 
082 0 4 |a 196.1  |b ORT  |2 21 
245 1 0 |a España invertebrada: bosquejo de algunos pensamientos históricos 
250 |a 5a. ed 
260 |a Madrid  |b Revista de Occidente  |c 1946 
300 |a 125 p 
583 |a last modification  |c 19970926 00:00:00  |k Rodrigo Vera 
650 0 |a Filosofía española  |9 254895 
650 0 |a Ensayos  |9 268724 
650 0 |a Política  |9 255312 
650 7 |a TEORIA POLITICA  |2 CL-VaPUC  |9 391980 
942 |c BK  |2 ddc 
945 |d 19970926 00:00:00  |a lriquelm 
952 |0 0  |1 0  |4 0  |6 196_100000000000000_ORT_1946  |7 0  |8 DER_TF  |9 290543  |a BIBDER  |b BIBDER  |d 2019-11-19  |i 188476K  |o 196.1 ORT 1946  |p 188476K  |r 2023-01-25  |w 2019-11-19  |x Ubicación 4to Piso  |y BK  |z Estos recursos deben solicitarse con anticipación  |k DER